| 000 | 005960000a22001810004500 | ||
|---|---|---|---|
| 041 | 0 | _aENG | |
| 082 | 0 | 4 | _aG 170 B8282f |
| 100 | 1 | _aBready, J. Wesley (1887-1953) | |
| 245 | 1 | 0 | _aThis freedom whence? / J. Wesley Bready |
| 260 | _aNew York, N.Y., USA : American Tract Society | ||
| 300 | _a365 Pag. | ||
| 650 | 1 | 4 | _aWESLEY JOHN, 1703-1791 \ MOVIMIENTO CARISMATICO \ GRAN BRETAÑA - HISTORIA DE LA IGLESIA \ GRAN BRETAÑA - CONDICIONES SOCIALES |
| 001 | 1110 | ||
| 942 | _cBK | ||
| 999 |
_c32448 _d32448 |
||
| 336 |
_atexto _btxt _2rdacontent |
||
| 337 |
_2rdamedia _asin mediación _bn |
||
| 338 |
_2rdacarrier _avolumen _bnc |
||